000
00299nam a2200133Ia 4500
100
_a
Currid C.C & gillett C.A
942
_c
BK
654
_a
netware
245
_a
Mastering novell netware
260
_b
TECHNICAL PUBLICATIONS
_a
Singapore
_c
1989
300
_a
419
546
_a
ENGLISH
999
_c
18460
_d
18460